All Emoji "Country" Flags - Statistics

General Stats
  • This quiz has been taken 31 times
  • The average score is 106 of 253
Answer Stats
Emoji "Country" % Correct
๐Ÿ‡บ๐Ÿ‡ธ United States
73%
๐Ÿ‡จ๐Ÿ‡ฆ Canada
69%
๐Ÿ‡ซ๐Ÿ‡ท France
69%
๐Ÿ‡ฉ๐Ÿ‡ช Germany
69%
๐Ÿ‡ฏ๐Ÿ‡ต Japan
69%
๐Ÿ‡ท๐Ÿ‡บ Russia
69%
๐Ÿ‡ฆ๐Ÿ‡ซ Afghanistan
65%
๐Ÿ‡ฆ๐Ÿ‡บ Australia
65%
๐Ÿ‡จ๐Ÿ‡ณ China
65%
๐Ÿ‡ฎ๐Ÿ‡ณ India
65%
๐Ÿ‡ต๐Ÿ‡น Portugal
65%
๐Ÿ‡ฐ๐Ÿ‡ท South Korea
65%
๐Ÿ‡ช๐Ÿ‡ธ Spain
65%
๐Ÿ‡ฌ๐Ÿ‡ง United Kingdom
65%
๐Ÿ‡ง๐Ÿ‡ท Brazil
62%
๐Ÿ‡ฎ๐Ÿ‡น Italy
62%
๐Ÿ‡ฒ๐Ÿ‡ฝ Mexico
62%
๐Ÿ‡ฐ๐Ÿ‡ต North Korea
62%
๐Ÿ‡ฆ๐Ÿ‡ฑ Albania
58%
๐Ÿ‡ฆ๐Ÿ‡ท Argentina
58%
๐Ÿ‡จ๐Ÿ‡ฑ Chile
58%
๐Ÿ‡ฉ๐Ÿ‡ฐ Denmark
58%
๐Ÿ‡ฎ๐Ÿ‡ฉ Indonesia
58%
๐Ÿ‡ฎ๐Ÿ‡ช Ireland
58%
๐Ÿ‡ณ๐Ÿ‡ฟ New Zealand
58%
๐Ÿ‡ณ๐Ÿ‡ด Norway
58%
๐Ÿ‡ธ๐Ÿ‡ช Sweden
58%
๐Ÿ‡น๐Ÿ‡ญ Thailand
58%
๐Ÿ‡น๐Ÿ‡ท Tรผrkiye
58%
๐Ÿ‡ฆ๐Ÿ‡ฒ Armenia
54%
๐Ÿ‡ฉ๐Ÿ‡ฒ Dominica
54%
๐Ÿ‡ฉ๐Ÿ‡ด Dominican Republic
54%
๐Ÿ‡ช๐Ÿ‡ฌ Egypt
54%
๐Ÿ‡ช๐Ÿ‡ช Estonia
54%
๐Ÿ‡ช๐Ÿ‡น Ethiopia
54%
๐Ÿ‡ซ๐Ÿ‡ฎ Finland
54%
๐Ÿ‡ฑ๐Ÿ‡ป Latvia
54%
๐Ÿ‡ฒ๐Ÿ‡พ Malaysia
54%
๐Ÿ‡ฒ๐Ÿ‡ฆ Morocco
54%
๐Ÿ‡ณ๐Ÿ‡ฑ Netherlands
54%
๐Ÿ‡ต๐Ÿ‡ฐ Pakistan
54%
๐Ÿ‡ต๐Ÿ‡ฌ Papua New Guinea
54%
๐Ÿ‡ต๐Ÿ‡ญ Philippines
54%
๐Ÿ‡ต๐Ÿ‡ฑ Poland
54%
๐Ÿ‡ป๐Ÿ‡จ Saint Vincent and the Grenadines
54%
๐Ÿด๓ ง๓ ข๓ ณ๓ ฃ๓ ด๓ ฟ Scotland
54%
๐Ÿ‡น๐Ÿ‡ผ Taiwan
54%
๐Ÿ‡ป๐Ÿ‡ณ Vietnam
54%
๐Ÿ‡ฉ๐Ÿ‡ฟ Algeria
50%
๐Ÿ‡ฆ๐Ÿ‡ด Angola
50%
๐Ÿ‡ฆ๐Ÿ‡น Austria
50%
๐Ÿ‡ง๐Ÿ‡ช Belgium
50%
๐Ÿ‡จ๐Ÿ‡ด Colombia
50%
๐Ÿ‡จ๐Ÿ‡ท Costa Rica
50%
๐Ÿ‡จ๐Ÿ‡บ Cuba
50%
๐Ÿด๓ ง๓ ข๓ ฅ๓ ฎ๓ ง๓ ฟ England
50%
๐Ÿ‡ฌ๐Ÿ‡ซ French Guiana
50%
๐Ÿ‡ฌ๐Ÿ‡ท Greece
50%
๐Ÿ‡ฌ๐Ÿ‡ฉ Grenada
50%
๐Ÿ‡ฌ๐Ÿ‡น Guatemala
50%
๐Ÿ‡ฌ๐Ÿ‡พ Guyana
50%
๐Ÿ‡ญ๐Ÿ‡บ Hungary
50%
๐Ÿ‡ฎ๐Ÿ‡ธ Iceland
50%
๐Ÿ‡ฎ๐Ÿ‡ท Iran
50%
๐Ÿ‡ฎ๐Ÿ‡ถ Iraq
50%
๐Ÿ‡ฎ๐Ÿ‡ฑ Israel
50%
๐Ÿ‡ฏ๐Ÿ‡ฒ Jamaica
50%
๐Ÿ‡ฐ๐Ÿ‡ฟ Kazakhstan
50%
๐Ÿ‡ฑ๐Ÿ‡ฆ Laos
50%
๐Ÿ‡ฑ๐Ÿ‡น Lithuania
50%
๐Ÿ‡ฑ๐Ÿ‡บ Luxembourg
50%
๐Ÿ‡ฒ๐Ÿ‡ฌ Madagascar
50%
๐Ÿ‡ฒ๐Ÿ‡ณ Mongolia
50%
๐Ÿ‡ฒ๐Ÿ‡ฒ Myanmar
50%
๐Ÿ‡ณ๐Ÿ‡ต Nepal
50%
๐Ÿ‡ธ๐Ÿ‡ด Somalia
50%
๐Ÿ‡ฟ๐Ÿ‡ฆ South Africa
50%
๐Ÿ‡ธ๐Ÿ‡ธ South Sudan
50%
๐Ÿ‡ฑ๐Ÿ‡ฐ Sri Lanka
50%
๐Ÿ‡ธ๐Ÿ‡ฉ Sudan
50%
๐Ÿ‡น๐Ÿ‡ฒ Turkmenistan
50%
๐Ÿ‡บ๐Ÿ‡ฆ Ukraine
50%
๐Ÿ‡ฆ๐Ÿ‡ช United Arab Emirates
50%
๐Ÿ‡บ๐Ÿ‡พ Uruguay
50%
๐Ÿ‡ฆ๐Ÿ‡ฟ Azerbaijan
46%
๐Ÿ‡ง๐Ÿ‡ธ Bahamas
46%
๐Ÿ‡ง๐Ÿ‡ง Barbados
46%
๐Ÿ‡ง๐Ÿ‡น Bhutan
46%
๐Ÿ‡ง๐Ÿ‡ฌ Bulgaria
46%
๐Ÿ‡น๐Ÿ‡ฉ Chad
46%
๐Ÿ‡ญ๐Ÿ‡ท Croatia
46%
๐Ÿ‡จ๐Ÿ‡พ Cyprus
46%
๐Ÿ‡จ๐Ÿ‡ฉ Democratic Republic of the Congo
46%
๐Ÿ‡ช๐Ÿ‡จ Ecuador
46%
๐Ÿ‡ธ๐Ÿ‡ป El Salvador
46%
๐Ÿ‡ซ๐Ÿ‡ฏ Fiji
46%
๐Ÿ‡ฌ๐Ÿ‡ณ Guinea
46%
๐Ÿ‡ญ๐Ÿ‡น Haiti
46%
๐Ÿ‡ฐ๐Ÿ‡ช Kenya
46%
๐Ÿ‡ฐ๐Ÿ‡ผ Kuwait
46%
๐Ÿ‡ฑ๐Ÿ‡ง Lebanon
46%
๐Ÿ‡ฑ๐Ÿ‡พ Libya
46%
๐Ÿ‡ฒ๐Ÿ‡น Malta
46%
๐Ÿ‡ณ๐Ÿ‡ช Niger
46%
๐Ÿ‡ณ๐Ÿ‡ฌ Nigeria
46%
๐Ÿ‡ต๐Ÿ‡พ Paraguay
46%
๐Ÿ‡ต๐Ÿ‡ช Peru
46%
๐Ÿ‡ถ๐Ÿ‡ฆ Qatar
46%
๐Ÿ‡จ๐Ÿ‡ฌ Republic of the Congo
46%
๐Ÿ‡ท๐Ÿ‡ด Romania
46%
๐Ÿ‡ฐ๐Ÿ‡ณ Saint Kitts and Nevis
46%
๐Ÿ‡ฑ๐Ÿ‡จ Saint Lucia
46%
๐Ÿ‡ธ๐Ÿ‡ฆ Saudi Arabia
46%
๐Ÿ‡ท๐Ÿ‡ธ Serbia
46%
๐Ÿ‡ธ๐Ÿ‡ฌ Singapore
46%
๐Ÿ‡ธ๐Ÿ‡ฐ Slovakia
46%
๐Ÿ‡ธ๐Ÿ‡ฎ Slovenia
46%
๐Ÿ‡ธ๐Ÿ‡พ Syria
46%
๐Ÿ‡น๐Ÿ‡ฏ Tajikistan
46%
๐Ÿ‡บ๐Ÿ‡ฌ Uganda
46%
๐Ÿ‡บ๐Ÿ‡ฟ Uzbekistan
46%
๐Ÿ‡ป๐Ÿ‡ฆ Vatican City
46%
๐Ÿ‡ป๐Ÿ‡ช Venezuela
46%
๐Ÿ‡พ๐Ÿ‡ช Yemen
46%
๐Ÿ‡ฆ๐Ÿ‡ธ American Samoa
42%
๐Ÿ‡ฆ๐Ÿ‡ฉ Andorra
42%
๐Ÿ‡ฆ๐Ÿ‡ฌ Antigua and Barbuda
42%
๐Ÿ‡ง๐Ÿ‡ฉ Bangladesh
42%
๐Ÿ‡ง๐Ÿ‡พ Belarus
42%
๐Ÿ‡ง๐Ÿ‡ฟ Belize
42%
๐Ÿ‡ง๐Ÿ‡ด Bolivia
42%
๐Ÿ‡ง๐Ÿ‡ฆ Bosnia and Herzegovina
42%
๐Ÿ‡ง๐Ÿ‡ผ Botswana
42%
๐Ÿ‡จ๐Ÿ‡ซ Central African Republic
42%
๐Ÿ‡จ๐Ÿ‡ฟ Czech Republic
42%
๐Ÿ‡ฉ๐Ÿ‡ฏ Djibouti
42%
๐Ÿ‡ฌ๐Ÿ‡ถ Equatorial Guinea
42%
๐Ÿ‡ธ๐Ÿ‡ฟ Eswatini
42%
๐Ÿ‡ฌ๐Ÿ‡ช Georgia
42%
๐Ÿ‡ฌ๐Ÿ‡ญ Ghana
42%
๐Ÿ‡ฌ๐Ÿ‡ฑ Greenland
42%
๐Ÿ‡ฌ๐Ÿ‡ผ Guinea-Bissau
42%
๐Ÿ‡ฐ๐Ÿ‡ฌ Kyrgyzstan
42%
๐Ÿ‡ฑ๐Ÿ‡ธ Lesotho
42%
๐Ÿ‡ฑ๐Ÿ‡ฎ Liechtenstein
42%
๐Ÿ‡ฒ๐Ÿ‡ท Mauritania
42%
๐Ÿ‡ฒ๐Ÿ‡บ Mauritius
42%
๐Ÿ‡ฒ๐Ÿ‡ฟ Mozambique
42%
๐Ÿ‡ต๐Ÿ‡ธ Palestine
42%
๐Ÿ‡ต๐Ÿ‡ฆ Panama
42%
๐Ÿ‡ต๐Ÿ‡ท Puerto Rico
42%
๐Ÿ‡ท๐Ÿ‡ผ Rwanda
42%
๐Ÿ‡ผ๐Ÿ‡ธ Samoa
42%
๐Ÿ‡ธ๐Ÿ‡ณ Senegal
42%
๐Ÿ‡จ๐Ÿ‡ญ Switzerland
42%
๐Ÿ‡น๐Ÿ‡ฟ Tanzania
42%
๐Ÿ‡น๐Ÿ‡ฑ Timor-Leste
42%
๐Ÿ‡น๐Ÿ‡ณ Tunisia
42%
๐Ÿด๓ ง๓ ข๓ ท๓ ฌ๓ ณ๓ ฟ Wales
42%
๐Ÿ‡ฟ๐Ÿ‡ผ Zimbabwe
42%
๐Ÿ‡ง๐Ÿ‡ฏ Benin
38%
๐Ÿ‡ป๐Ÿ‡ฌ British Virgin Islands
38%
๐Ÿ‡ง๐Ÿ‡ณ Brunei
38%
๐Ÿ‡ง๐Ÿ‡ฎ Burundi
38%
๐Ÿ‡จ๐Ÿ‡ป Cabo Verde
38%
๐Ÿ‡ฐ๐Ÿ‡ญ Cambodia
38%
๐Ÿ‡ฐ๐Ÿ‡ฒ Comoros
38%
๐Ÿ‡จ๐Ÿ‡ฎ Cรดte d'Ivoire
38%
๐Ÿ‡ช๐Ÿ‡ท Eritrea
38%
๐Ÿ‡ฌ๐Ÿ‡ฆ Gabon
38%
๐Ÿ‡ฌ๐Ÿ‡ฒ Gambia
38%
๐Ÿ‡ญ๐Ÿ‡ณ Honduras
38%
๐Ÿ‡ฐ๐Ÿ‡ฎ Kiribati
38%
๐Ÿ‡ฑ๐Ÿ‡ท Liberia
38%
๐Ÿ‡ฒ๐Ÿ‡ฑ Mali
38%
๐Ÿ‡ฒ๐Ÿ‡ญ Marshall Islands
38%
๐Ÿ‡ฒ๐Ÿ‡จ Monaco
38%
๐Ÿ‡ณ๐Ÿ‡ฆ Namibia
38%
๐Ÿ‡ณ๐Ÿ‡ท Nauru
38%
๐Ÿ‡ณ๐Ÿ‡ฎ Nicaragua
38%
๐Ÿ‡ด๐Ÿ‡ฒ Oman
38%
๐Ÿ‡ธ๐Ÿ‡ฒ San Marino
38%
๐Ÿ‡ธ๐Ÿ‡ท Suriname
38%
๐Ÿ‡น๐Ÿ‡ฌ Togo
38%
๐Ÿ‡น๐Ÿ‡น Trinidad and Tobago
38%
๐Ÿ‡น๐Ÿ‡ป Tuvalu
38%
๐Ÿ‡ป๐Ÿ‡ฎ United States Virgin Islands
38%
๐Ÿ‡ฆ๐Ÿ‡ผ Aruba
35%
๐Ÿ‡ง๐Ÿ‡ญ Bahrain
35%
๐Ÿ‡ง๐Ÿ‡ฒ Bermuda
35%
๐Ÿ‡ง๐Ÿ‡ซ Burkina Faso
35%
๐Ÿ‡จ๐Ÿ‡ฒ Cameroon
35%
๐Ÿ‡จ๐Ÿ‡ผ Curaรงao
35%
๐Ÿ‡ฏ๐Ÿ‡ด Jordan
35%
๐Ÿ‡ฝ๐Ÿ‡ฐ Kosovo
35%
๐Ÿ‡ฒ๐Ÿ‡ผ Malawi
35%
๐Ÿ‡ฒ๐Ÿ‡ป Maldives
35%
๐Ÿ‡ฒ๐Ÿ‡ฉ Moldova
35%
๐Ÿ‡ฒ๐Ÿ‡ช Montenegro
35%
๐Ÿ‡ฒ๐Ÿ‡ฐ North Macedonia
35%
๐Ÿ‡ต๐Ÿ‡ผ Palau
35%
๐Ÿ‡ธ๐Ÿ‡น Sรฃo Tomรฉ and Prรญncipe
35%
๐Ÿ‡ธ๐Ÿ‡จ Seychelles
35%
๐Ÿ‡ธ๐Ÿ‡ฑ Sierra Leone
35%
๐Ÿ‡ธ๐Ÿ‡ง Solomon Islands
35%
๐Ÿ‡น๐Ÿ‡ด Tonga
35%
๐Ÿ‡ป๐Ÿ‡บ Vanuatu
35%
๐Ÿ‡ฟ๐Ÿ‡ฒ Zambia
35%
๐Ÿ‡ซ๐Ÿ‡ฒ Federated States of Micronesia
31%
๐Ÿ‡ฌ๐Ÿ‡บ Guam
31%
๐Ÿ‡ญ๐Ÿ‡ฐ Hong Kong
31%
๐Ÿ‡ฎ๐Ÿ‡ฒ Isle of Man
31%
๐Ÿ‡ช๐Ÿ‡ญ Western Sahara
31%
๐Ÿ‡ฆ๐Ÿ‡ถ Antarctica
27%
๐Ÿ‡ซ๐Ÿ‡ฐ Falkland Islands
27%
๐Ÿ‡ซ๐Ÿ‡ด Faroe Islands
27%
๐Ÿ‡ฐ๐Ÿ‡พ Cayman Islands
23%
๐Ÿ‡จ๐Ÿ‡ฝ Christmas Island
23%
๐Ÿ‡จ๐Ÿ‡ฐ Cook Islands
23%
๐Ÿ‡ฌ๐Ÿ‡ฎ Gibraltar
23%
๐Ÿ‡ฏ๐Ÿ‡ช Jersey
23%
๐Ÿ‡ฒ๐Ÿ‡ด Macau
23%
๐Ÿ‡ฒ๐Ÿ‡ถ Martinique
23%
๐Ÿ‡ฒ๐Ÿ‡ซ Saint Martin
23%
๐Ÿ‡ต๐Ÿ‡ซ French Polynesia
19%
๐Ÿ‡ฌ๐Ÿ‡ฌ Guernsey
19%
๐Ÿ‡ฒ๐Ÿ‡ธ Montserrat
19%
๐Ÿ‡ณ๐Ÿ‡จ New Caledonia
19%
๐Ÿ‡ฒ๐Ÿ‡ต Northern Mariana Islands
19%
๐Ÿ‡ธ๐Ÿ‡ญ Saint Helena, Ascension and Tristan da Cunha
19%
๐Ÿ‡ต๐Ÿ‡ฒ Saint Pierre and Miquelon
19%
๐Ÿ‡ธ๐Ÿ‡ฝ Sint Maarten
19%
๐Ÿ‡น๐Ÿ‡จ Turks and Caicos Islands
19%
๐Ÿ‡ฆ๐Ÿ‡ฎ Anguilla
15%
๐Ÿ‡ง๐Ÿ‡ถ Caribbean Netherlands
15%
๐Ÿ‡ณ๐Ÿ‡บ Niue
15%
๐Ÿ‡ต๐Ÿ‡ณ Pitcairn Islands
15%
๐Ÿ‡ง๐Ÿ‡ฑ Saint Barthรฉlemy
15%
๐Ÿ‡น๐Ÿ‡ฐ Tokelau
15%
๐Ÿ‡จ๐Ÿ‡จ Cocos (Keeling) Islands
12%
๐Ÿ‡ฌ๐Ÿ‡ต Guadelope
12%
๐Ÿ‡พ๐Ÿ‡น Mayotte
12%
๐Ÿ‡ท๐Ÿ‡ช Rรฉunion
12%
๐Ÿ‡ฌ๐Ÿ‡ธ South Georgia and the South Sandwich Islands
12%
๐Ÿ‡ธ๐Ÿ‡ฏ Svalbard and Jan Mayen
12%
๐Ÿ‡บ๐Ÿ‡ฒ United States Minor Outlying Islands
12%
๐Ÿ‡ผ๐Ÿ‡ซ Wallis and Futuna
12%
๐Ÿ‡ฆ๐Ÿ‡ฝ ร…land Islands
8%
๐Ÿ‡ง๐Ÿ‡ป Bouvet Island
8%
๐Ÿ‡ฎ๐Ÿ‡ด British Indian Ocean Territory
8%
๐Ÿ‡น๐Ÿ‡ซ French Southern and Antarctic Lands
8%
๐Ÿ‡ญ๐Ÿ‡ฒ Heard Island and McDonald Islands
8%
๐Ÿ‡ณ๐Ÿ‡ซ Norfolk Island
8%
No matching quizzes found
Score Distribution
Percent of People with Each Score
Percentile by Number Answered
Your Score History
You have not taken this quiz